| 000 | 00349nam a2200133Ia 4500 | ||
|---|---|---|---|
| 005 | 20260326235448.0 | ||
| 008 | 260326s9999||||xx |||||||||||||| ||und|| | ||
| 100 | _aGiedion, Sigfried | ||
| 245 | 4 |
_aThe Beginnings of Architecture / _cSigfried Giedion |
|
| 260 | _bPrinceton Architectural Press | ||
| 300 | _a583 p. | ||
| 650 | _aHISTORIA | ||
| 942 | _cBK | ||
| 999 |
_c7637 _d7637 |
||